| 000 | 00805nam a2200253Ia 4500 | ||
|---|---|---|---|
| 001 | 21922 | ||
| 005 | 20260320113325.0 | ||
| 008 | 260320s9999||||xx |||||||||||||| ||und|| | ||
| 041 | _aESP | ||
| 082 |
_a375 _bD53 |
||
| 100 |
_aDelgado las Heras, Ricardo, _eAUT |
||
| 245 | 0 |
_aBases para una construcción curricular _b |
|
| 246 |
_a _5 _b |
||
| 250 | _aPrimera edición | ||
| 260 |
_aArequipa : _b[Lugar de publicación no identificado], _c2007 |
||
| 300 |
_a94 páginas : _bcuadros ; _c21 cm. _e |
||
| 440 |
_a _n _v |
||
| 650 | _aCIS | ||
| 653 | _aCurrículo; Educación - Planes de estudio | ||
| 654 | _aCED | ||
| 700 |
_a _c |
||
| 856 |
_uhttps://0u20fluma-y-https-research-ebsco-com.itmsp.museknowledge.com/c/qxo6us/search _zVéase además: Base de datos EBSCOhost |
||
| 942 |
_cLIB _dJUS _fMAT _2ddc _n |
||
| 999 |
_c21922 _d21922 |
||